000
00175nam a22000857a 4500
999
_c
16268
_d
16268
003
OSt
008
200629b ||||| |||| 00| 0 eng d
245
_a
S.P Heat Engine
942
_c
BK